[Event "13. Bayer Open"]
[Site "Leverkusen"]
[Date "2015.01.26"]
[Round "2.33"]
[White "Wehr, Günter"]
[Black "Gelsok, Philipp"]
[Result "0-1"]
[WhiteElo "1511"]
[BlackElo "1894"]
[PlyCount "122"]
[EventDate "2015.??.??"]
[WhiteTeam "SV Opladen"]
[BlackTeam "Bergische SF"]

1. d4 Nf6 2. c4 g6 3. Nc3 d5 4. cxd5 Nxd5 5. e4 Nxc3 6. bxc3 Bg7 7. e5 c5 8.
Nf3 O-O 9. Bc4 Nc6 10. Be3 Bg4 11. Be2 Qc7 12. h3 Bxf3 13. Bxf3 Rad8 14. Bxc6
Qxc6 15. O-O Bxe5 16. Rc1 Bg7 17. Qb3 cxd4 18. cxd4 Qd7 19. Rfd1 Rc8 20. Rxc8
Rxc8 21. d5 b6 22. Bd4 Bxd4 23. Rxd4 Qd6 24. g3 e6 25. Qf3 Rd8 26. Ra4 Qd7 27.
dxe6 fxe6 28. Ra3 Qd1+ 29. Qxd1 Rxd1+ 30. Kg2 Rd7 31. Kf3 Kf7 32. Ke4 Ke7 33.
f4 a5 34. Rb3 Rb7 35. a4 b5 36. Rxb5 Rxb5 37. axb5 Kd6 38. Kd4 a4 39. Kc4 a3
40. Kb3 Kc5 41. b6 a2 42. Kxa2 Kxb6 43. Kb3 Kc5 44. Kc3 Kd5 45. Kd3 h6 46. Ke3
e5 47. fxe5 Kxe5 48. Kf3 h5 49. g4 h4 50. Ke3 g5 51. Kf3 Kd5 52. Ke3 Ke5 53.
Kf3 Kd4 54. Ke2 Ke4 55. Kf2 Kf4 56. Kg2 Ke3 57. Kg1 Kf3 58. Kh2 Kf2 59. Kh1 Kg3
60. Kg1 Kxh3 61. Kf2 Kxg4 0-1

[Event "13. Bayer Open"]
[Site "Leverkusen"]
[Date "2015.01.26"]
[Round "2.34"]
[White "Arnold, Bodo"]
[Black "Hartmann, Stephan"]
[Result "1/2-1/2"]
[WhiteElo "1626"]
[BlackElo "1485"]
[PlyCount "116"]
[EventDate "2015.??.??"]
[WhiteTeam "SF Schlebusch"]
[BlackTeam "SG Idstein"]

1. Nf3 d5 2. g3 Nf6 3. Bg2 c6 4. d3 Bf5 5. Nbd2 Nbd7 6. O-O e5 7. Nh4 Be6 8. c4
Be7 9. a3 O-O 10. b4 Rb8 11. Nhf3 e4 12. Nd4 exd3 13. Nxe6 dxe2 14. Qxe2 fxe6
15. Qxe6+ Kh8 16. cxd5 cxd5 17. Bxd5 Nb6 18. Bg2 Re8 19. Qb3 Rc8 20. Nf3 Qd5
21. Qxd5 Nfxd5 22. Bb2 Bf6 23. Bxf6 Nxf6 24. Ng5 Rc7 25. Rfe1 h6 26. Rxe8+ Nxe8
27. Ne6 Re7 28. Nc5 Nd6 29. Rd1 Nbc4 30. Bf1 b6 31. Nb3 b5 32. Na5 Nxa5 33.
Rxd6 Nc4 34. Bxc4 bxc4 35. Rc6 Re1+ 36. Kg2 Rc1 37. Rc7 c3 38. Rxa7 Ra1 39. Rc7
Rxa3 40. b5 Rb3 41. b6 Rxb6 42. Rxc3 Kh7 43. f4 Kg6 44. g4 Kf6 45. h4 Ra6 46.
Kg3 Rb6 47. Re3 Ra6 48. g5+ hxg5 49. hxg5+ Kf7 50. Kg4 g6 51. Rb3 Ra7 52. Rb4
Rc7 53. f5 gxf5+ 54. Kxf5 Rc5+ 55. Kg4 Kg6 56. Rb6+ Kg7 57. Kf4 Rc7 58. Rb5 Ra7
1/2-1/2

[Event "13. Bayer Open"]
[Site "Leverkusen"]
[Date "2015.01.26"]
[Round "2.35"]
[White "Yon, Gregory"]
[Black "Elsweiler, Karl-Heinz"]
[Result "1/2-1/2"]
[WhiteElo "1517"]
[BlackElo "1560"]
[PlyCount "106"]
[EventDate "2015.??.??"]
[WhiteTeam "TSV Bergisch Gladbach"]
[BlackTeam "SV Opladen"]

1. c4 c5 2. Nc3 Nc6 3. Nf3 Nf6 4. d4 cxd4 5. Nxd4 Nxd4 6. Qxd4 g6 7. g3 Bg7 8.
Bg2 O-O 9. O-O d6 10. Qd3 Nd7 11. Bg5 Ne5 12. Qd5 a6 13. Rac1 Rb8 14. b3 Be6
15. Qd1 h6 16. Bf4 g5 17. Be3 Nc6 18. f4 f6 19. f5 Bf7 20. Bd5 Qd7 21. Bxf7+
Rxf7 22. Nd5 e6 23. Nb6 Qe7 24. Qd2 Rd8 25. fxe6 Qxe6 26. Nd5 f5 27. Qc2 Bd4
28. Qd3 Bc5 29. Bf2 Nb4 30. Nxb4 Bxb4 31. Bd4 Re8 32. Rc2 Qe4 33. Bf2 f4 34.
Qxe4 Rxe4 35. Rd1 Rfe7 36. Kf1 g4 37. Rd3 h5 38. c5 Bxc5 39. Bxc5 dxc5 40. Rd5
fxg3 41. hxg3 R7e5 42. Rdxc5 b5 43. Rxe5 Rxe5 44. Rc6 a5 45. Kf2 b4 46. Rf6 Kg7
47. Rf4 Kg6 48. e4 Kg5 49. Ke3 h4 50. gxh4+ Kxh4 51. Kd4 Re8 52. e5 Kg5 53. Ke4
g3 1/2-1/2

[Event "13. Bayer Open"]
[Site "Leverkusen"]
[Date "2015.01.26"]
[Round "2.36"]
[White "Stuch, Hans-Ferdinand"]
[Black "Kinnert, Reinhard"]
[Result "1-0"]
[WhiteElo "1608"]
[BlackElo "1581"]
[PlyCount "85"]
[EventDate "2015.??.??"]
[WhiteTeam "SC Bonn Beuel"]
[BlackTeam "TV Witzhelden"]

1. Nf3 c5 2. e3 Nc6 3. d4 cxd4 4. exd4 d5 5. c3 Bd7 6. Bd3 h6 7. Bf4 Nf6 8. h3
e6 9. Nbd2 a6 10. O-O b5 11. a3 Na5 12. Ne5 Nc4 13. Nxd7 Qxd7 14. Nxc4 bxc4 15.
Bc2 Bd6 16. Ba4 Bxf4 17. Bxd7+ Nxd7 18. Qg4 Bg5 19. f4 Bf6 20. f5 e5 21. dxe5
Nxe5 22. Rae1 O-O 23. Rxe5 Bxe5 24. f6 g6 25. h4 Kh7 26. h5 Rg8 27. Qd7 Raf8
28. Qe7 Bg3 29. hxg6+ Kxg6 30. Rf3 Bh4 31. Qe5 Kh7 32. Qxd5 Rg6 33. Qxc4 Bxf6
34. Qe4 Kg7 35. Qf4 Rd8 36. Rg3 Rd1+ 37. Kh2 Bg5 38. Qe5+ Bf6 39. Rxg6+ Kxg6
40. Qe2 Rd5 41. Qe4+ Rf5 42. g4 Be5+ 43. Kh3 1-0

[Event "13. Bayer Open"]
[Site "Leverkusen"]
[Date "2015.01.26"]
[Round "2.37"]
[White "Esser, Heinz"]
[Black "Alexopoulos, Spiros Orestis"]
[Result "0-1"]
[WhiteElo "1315"]
[BlackElo "1789"]
[PlyCount "46"]
[EventDate "2015.??.??"]
[WhiteTeam "SV Bayer Dormagen"]
[BlackTeam "Aachener SV"]

1. e4 c5 2. d3 e6 3. Nf3 Nc6 4. Nc3 d5 5. exd5 exd5 6. d4 c4 7. a3 Nf6 8. Be2
Bd6 9. Bg5 Ne7 10. Qd2 Qb6 11. O-O Bd7 12. Ne5 Qc7 13. Bf3 Be6 14. Qe2 a6 15.
Rae1 O-O-O 16. Qe3 h6 17. Bxf6 gxf6 18. Ng4 Nf5 19. Qd2 Bf4 20. Qd1 h5 21. Nxf6
Bxh2+ 22. Kh1 Qf4 23. Nfxd5 Qh4 0-1

[Event "13. Bayer Open"]
[Site "Leverkusen"]
[Date "2015.01.26"]
[Round "2.38"]
[White "Hoeper, Heinz-Joachim"]
[Black "Longerich, Hans-Peter"]
[Result "1-0"]
[WhiteElo "1523"]
[BlackElo "1375"]
[PlyCount "71"]
[EventDate "2015.??.??"]
[WhiteTeam "Pulheimer SC"]
[BlackTeam "SC Bayer Leverkusen"]

1. d4 d5 2. Nf3 c6 3. Bf4 Bg4 4. Nbd2 Nd7 5. e3 Ngf6 6. Bd3 e6 7. h3 Bf5 8. Qe2
Bxd3 9. cxd3 Bb4 10. a3 Ba5 11. b4 Bc7 12. Ne5 O-O 13. O-O Nxe5 14. dxe5 Ne8
15. d4 f6 16. Qg4 Qe7 17. Nf3 Qf7 18. Bh2 Bd8 19. Nd2 f5 20. Qe2 Nc7 21. f4 Nb5
22. Qd3 h5 23. Bg3 a6 24. Be1 Be7 25. Nb3 b6 26. Bd2 Rac8 27. Rfc1 Rc7 28. a4
Na7 29. Qxa6 Nc8 30. Qd3 Bd8 31. b5 Na7 32. Bb4 Re8 33. Bd6 Rc8 34. bxc6 Nxc6
35. Rc3 Bc7 36. Rxc6 1-0

[Event "13. Bayer Open"]
[Site "Leverkusen"]
[Date "2015.01.26"]
[Round "2.39"]
[White "Kolleck, Wolf-Dietrich"]
[Black "Domnick, Michael"]
[Result "0-1"]
[WhiteElo "1482"]
[BlackElo "1789"]
[PlyCount "68"]
[EventDate "2015.??.??"]
[WhiteTeam "SC Bayer Leverkusen"]
[BlackTeam "TV Witzhelden"]

1. d4 Nf6 2. c4 e5 3. dxe5 Ng4 4. Bf4 g5 5. h3 Nxf2 6. Kxf2 gxf4 7. Nf3 Nc6 8.
Qd2 Bc5+ 9. Ke1 Be3 10. Qc3 Rg8 11. Na3 Bb6 12. Nc2 Qe7 13. a3 a5 14. b3 Rg3
15. Kd2 d6 16. e3 fxe3+ 17. Nxe3 Bxe3+ 18. Qxe3 Nxe5 19. Qf4 Nxf3+ 20. gxf3 Rg6
21. Re1 Be6 22. Qd4 Kd7 23. Bd3 Rg2+ 24. Kd1 h6 25. f4 Qh4 26. c5 Qh5+ 27. Re2
Bxb3+ 28. Kd2 Rxe2+ 29. Bxe2 Qxc5 30. Bg4+ Be6 31. Qxc5 dxc5 32. f5 Bd5 33. f6+
Be6 34. Bf3 c6 0-1

[Event "13. Bayer Open"]
[Site "Leverkusen"]
[Date "2015.01.26"]
[Round "2.40"]
[White "Hoffmann, Michael"]
[Black "Müller, Horst"]
[Result "0-1"]
[WhiteElo "1696"]
[BlackElo "1522"]
[PlyCount "78"]
[EventDate "2015.??.??"]
[WhiteTeam "SG Neuss"]
[BlackTeam "SV Springer Hitdorf"]

1. d4 Nf6 2. c4 g6 3. Nc3 Bg7 4. e4 d6 5. h3 O-O 6. Bg5 h6 7. Be3 e5 8. d5 Nbd7
9. Nf3 b6 10. Bd3 Nc5 11. Bc2 a5 12. Qd2 Kh7 13. g4 Ng8 14. O-O-O Bd7 15. Rdg1
a4 16. Ne1 a3 17. b3 Na6 18. Kb1 Qe8 19. Bd3 Nc5 20. Bc2 Na6 21. Bd3 Nc5 22.
Be2 f5 23. gxf5 gxf5 24. Bxc5 bxc5 25. exf5 Bxf5+ 26. Bd3 e4 27. Bc2 Qe5 28.
Rxg7+ Qxg7 29. Bxe4 Bxe4+ 30. Nxe4 Nf6 31. Ng3 Rae8 32. Nd3 Qg6 33. Kc1 Ne4 34.
Nxe4 Qxe4 35. Rg1 Rf3 36. Re1 Qg6 37. Rxe8 Qxe8 38. Nf4 Qe4 39. Ne6 Rxh3 0-1

[Event "13. Bayer Open"]
[Site "Leverkusen"]
[Date "2015.01.26"]
[Round "2.41"]
[White "van Hove, Ode"]
[Black "Kopernok, Ingo"]
[Result "1-0"]
[WhiteElo "1461"]
[BlackElo "1341"]
[PlyCount "57"]
[EventDate "2015.??.??"]
[WhiteTeam "SV Schewe Torm/Derendorf"]
[BlackTeam "SG Solingen"]

1. e4 c6 2. Nc3 d5 3. Nf3 Nf6 4. e5 Ne4 5. Nxe4 dxe4 6. Ng5 Bf5 7. Bc4 e6 8. d3
Qa5+ 9. Bd2 Qxe5 10. Qe2 Qxb2 11. Rc1 exd3 12. Bxd3 Bxd3 13. Qxd3 Qxa2 14. O-O
Nd7 15. Rfe1 h6 16. Nxf7 Kxf7 17. Qxd7+ Be7 18. Bb4 Rhe8 19. c4 Kf8 20. Bc3 Bf6
21. Bb4+ Be7 22. Bc3 Bf6 23. Bxf6 gxf6 24. Qh7 Rad8 25. Qxh6+ Ke7 26. Qg7+ Kd6
27. c5+ Kd5 28. Qxf6 e5 29. Red1+ 1-0

[Event "13. Bayer Open"]
[Site "Leverkusen"]
[Date "2015.01.26"]
[Round "2.42"]
[White "Hegmann, Werner"]
[Black "Balduan, Karl-Heinz"]
[Result "1/2-1/2"]
[WhiteElo "1525"]
[BlackElo "1510"]
[PlyCount "100"]
[EventDate "2015.??.??"]
[WhiteTeam "SV Opladen"]
[BlackTeam "Königsspringer Leverkusen"]

1. e4 e6 2. d4 d5 3. exd5 exd5 4. Bd3 Nf6 5. c3 Be7 6. f4 O-O 7. Nf3 Bg4 8. h3
Bxf3 9. Qxf3 c6 10. a3 Re8 11. O-O Bd6 12. Be3 Nbd7 13. b4 b5 14. Nd2 Nb6 15.
Bc2 a5 16. g4 axb4 17. axb4 Qe7 18. Rae1 Qc7 19. g5 Nfd7 20. Ra1 Rxa1 21. Rxa1
Ra8 22. Rxa8+ Nxa8 23. Nf1 Nf8 24. f5 Nb6 25. h4 Nc8 26. h5 Nb6 27. Qg4 Qd7 28.
Qg2 Nc4 29. Bc1 Qa7 30. g6 fxg6 31. fxg6 h6 32. Qf3 Qe7 33. Bd1 Nd7 34. Bf4 Nf6
35. Bxd6 Nxd6 36. Ng3 Qe6 37. Kg2 Nde4 38. Bc2 Ng5 39. Qf4 Qe8 40. Bd3 Nge4 41.
Bxe4 dxe4 42. Qe5 e3 43. Qxe8+ Nxe8 44. Kf3 Nf6 45. Kxe3 Kf8 46. Kd3 Ke8 47. c4
Kd7 48. d5 bxc4+ 49. Kxc4 cxd5+ 50. Kc5 d4 1/2-1/2

[Event "13. Bayer Open"]
[Site "Leverkusen"]
[Date "2015.01.26"]
[Round "2.43"]
[White "Gnass, Arno"]
[Black "Haag, Helmut"]
[Result "1-0"]
[WhiteElo "1664"]
[BlackElo "1498"]
[PlyCount "79"]
[EventDate "2015.??.??"]
[WhiteTeam "TSV Bergisch Gladbach"]
[BlackTeam "Langenfelder SF"]

1. d4 Nf6 2. Nf3 g6 3. e3 Bg7 4. b3 d5 5. Bb2 O-O 6. c4 e6 7. Nc3 Nc6 8. Be2 b6
9. O-O Bb7 10. Rc1 Re8 11. cxd5 Nxd5 12. Nxd5 exd5 13. Bb5 Re6 14. a3 a6 15.
Bd3 a5 16. Qe2 Qd6 17. Rc2 Rc8 18. Rfc1 Bf6 19. Ba6 Bxa6 20. Qxa6 Ne7 21. Qb7
c5 22. dxc5 bxc5 23. Bxf6 Rxf6 24. Qa7 c4 25. bxc4 Qxa3 26. c5 Nc6 27. Qd7 Rb8
28. h3 Qb4 29. Qxd5 Qb7 30. Nd4 Nb4 31. Qxb7 Rxb7 32. c6 Rc7 33. Rc4 Kf8 34. g4
Nd3 35. Rb1 Ne5 36. Rc5 Nxc6 37. Rb6 Nxd4 38. Rb8+ Kg7 39. Rxc7 Ne2+ 40. Kg2
1-0

[Event "13. Bayer Open"]
[Site "Leverkusen"]
[Date "2015.01.26"]
[Round "2.44"]
[White "Mizich, Vadim"]
[Black "Meyer, Stefan"]
[Result "0-1"]
[WhiteElo "1449"]
[BlackElo "1692"]
[PlyCount "86"]
[EventDate "2015.??.??"]
[WhiteTeam "Königsspringer Leverkusen"]
[BlackTeam "SV Grevenbroich"]

1. e4 Nf6 2. Nc3 e5 3. Nf3 Nc6 4. Bc4 Nxe4 5. Qe2 Nxc3 6. dxc3 d6 7. Ng5 d5 8.
Bb5 e4 9. Bxc6+ bxc6 10. c4 Be7 11. Qh5 g6 12. Qh6 Bf8 13. Qh4 Bg7 14. Qg3 O-O
15. cxd5 cxd5 16. c3 Ba6 17. f3 h6 18. h4 exf3 19. Nxf3 Qe7+ 20. Kf2 Qe2+ 21.
Kg1 c5 22. Bd2 d4 23. h5 Bb7 24. Re1 Qd3 25. Re7 Bxf3 26. hxg6 Be4 27. gxf7+
Rxf7 28. Qxd3 Bxd3 29. Rxf7 Kxf7 30. Bxh6 dxc3 31. bxc3 Bxc3 32. Rh3 Bd4+ 33.
Kh2 c4 34. Rf3+ Kg6 35. Bd2 Rh8+ 36. Kg3 Rg8 37. Kh2 Be4 38. Rf4 Be5 39. g3
Bxf4 40. Bxf4 c3 41. Kg1 c2 42. Kf2 Rf8 43. Ke2 Rxf4 0-1

[Event "13. Bayer Open"]
[Site "Leverkusen"]
[Date "2015.01.26"]
[Round "2.45"]
[White "Richrath, Martin"]
[Black "Fried, Hans-Joachim"]
[Result "1-0"]
[WhiteElo "1772"]
[BlackElo "1467"]
[PlyCount "107"]
[EventDate "2015.??.??"]
[WhiteTeam "Langenfelder SF"]
[BlackTeam "TV Witzhelden"]

1. d4 Nf6 2. Bf4 d6 3. e3 g6 4. Nf3 Nh5 5. Bg3 Nxg3 6. hxg3 e6 7. c4 Bg7 8. Nc3
O-O 9. Qc2 Nd7 10. O-O-O f5 11. Be2 Qe7 12. Nd2 b6 13. Bf3 Rb8 14. Rh2 Rf7 15.
Rdh1 Nf8 16. Be2 e5 17. d5 e4 18. Nb3 a6 19. Qd2 Bd7 20. Nd4 Bxd4 21. Qxd4 Qf6
22. Qxf6 Rxf6 23. f4 Rf7 24. g4 Re7 25. gxf5 gxf5 26. g4 fxg4 27. Rg1 Rbe8 28.
Bxg4 Rg7 29. Rhg2 Bxg4 30. Rxg4 Rxg4 31. Rxg4+ Kh8 32. f5 Nd7 33. Rxe4 Rf8 34.
Re7 Ne5 35. Rxc7 Rxf5 36. Ne4 Rf7 37. Rc8+ Kg7 38. Nxd6 Rf3 39. Rc7+ Kg6 40.
Kd2 Rf2+ 41. Kc3 h5 42. Kd4 Nf3+ 43. Ke4 Ng5+ 44. Kd3 Rxb2 45. Rc6 h4 46. c5
bxc5 47. Nc4+ Kh5 48. Nxb2 h3 49. Nd1 h2 50. Nf2 Kh4 51. Rh6+ Kg3 52. Ne4+ Nxe4
53. Kxe4 Kg2 54. d6 1-0

[Event "13. Bayer Open"]
[Site "Leverkusen"]
[Date "2015.01.26"]
[Round "2.46"]
[White "Holz, Peter"]
[Black "Depping, Thomas"]
[Result "0-1"]
[WhiteElo "1392"]
[BlackElo "1595"]
[PlyCount "86"]
[EventDate "2015.??.??"]
[WhiteTeam "Pulheimer SC"]
[BlackTeam "SF Düsseldorf-Süd"]

1. e4 c5 2. Nf3 d6 3. Bc4 e6 4. Nc3 a6 5. a3 Nc6 6. d3 Nf6 7. h3 g6 8. Be3 Bg7
9. Qd2 O-O 10. Bg5 Qc7 11. Bf4 Qd7 12. Ne2 b5 13. Bb3 Bb7 14. c4 b4 15. axb4
Nxb4 16. Ba4 Bc6 17. Bxc6 Qxc6 18. Ng3 Nd7 19. d4 a5 20. d5 exd5 21. cxd5 Qa6
22. Ne2 Bxb2 23. Rb1 Bg7 24. O-O Rfe8 25. Ng3 Ne5 26. Nxe5 Bxe5 27. Bxe5 Rxe5
28. f4 Ree8 29. f5 Qd3 30. Qf4 Qd4+ 31. Kh2 Qe5 32. fxg6 fxg6 33. Qf7+ Kh8 34.
Rf6 Re7 35. Re6 Rxf7 36. Rxe5 dxe5 37. Kg1 a4 38. Ne2 a3 39. Nc3 a2 40. Ra1 Nc2
41. Rxa2 Rxa2 42. Nxa2 Nb4 43. g3 Nxa2 0-1

[Event "13. Bayer Open"]
[Site "Leverkusen"]
[Date "2015.01.26"]
[Round "2.47"]
[White "Paul, André David"]
[Black "Barche, Uwe"]
[Result "1-0"]
[WhiteElo "1710"]
[BlackElo "1244"]
[PlyCount "115"]
[EventDate "2015.??.??"]
[WhiteTeam "Kölner SK Dr. Lasker"]
[BlackTeam "SG Solingen"]

1. d4 c5 2. d5 Nf6 3. c4 d6 4. Nc3 g6 5. Qc2 Bg7 6. Bd2 O-O 7. f3 e6 8. e4 exd5
9. cxd5 a6 10. Nge2 Nbd7 11. Ng3 Nb6 12. Be2 Bd7 13. O-O Qe8 14. a4 Rc8 15. Bf4
Qe7 16. a5 Na8 17. Qb3 Rb8 18. Qc2 Nc7 19. Bc4 b5 20. axb6 Rxb6 21. Nge2 Rfb8
22. Rfb1 Bb5 23. b3 Bxc4 24. bxc4 Rxb1+ 25. Rxb1 Rxb1+ 26. Qxb1 h6 27. Qb6 Nfe8
28. Kf2 Kh7 29. Na4 Be5 30. Bg3 Bxg3+ 31. hxg3 h5 32. Qb2 g5 33. Qc2 Kg7 34.
Qd2 f6 35. Nb6 Qf7 36. Nc3 Kg6 37. Qd3 Kh6 38. Qe3 Ng7 39. Ke2 f5 40. Nc8 fxe4
41. Nxe4 Nf5 42. Qxg5+ Kh7 43. Kf2 Ne8 44. Qf4 Qg6 45. Ng5+ Kg7 46. Ne6+ Kh8
47. g4 Nd4 48. Nxd4 cxd4 49. Qxd4+ Kh7 50. gxh5 Qxh5 51. Qe4+ Kg7 52. Qe7+ Kh6
53. Nxd6 Ng7 54. Qe3+ Kh7 55. Qe4+ Kh6 56. Qf4+ Kh7 57. Ne4 Kh8 58. Qf8+ 1-0

[Event "13. Bayer Open"]
[Site "Leverkusen"]
[Date "2015.01.26"]
[Round "2.48"]
[White "Azimi, Reza"]
[Black "Elshani, Shaip"]
[Result "0-1"]
[WhiteElo "1364"]
[BlackElo "1581"]
[PlyCount "126"]
[EventDate "2015.??.??"]
[WhiteTeam "Schachuzipus Köln-Mülheim"]
[BlackTeam "SC Bayer Leverkusen"]

1. e4 e5 2. Nf3 d6 3. d4 exd4 4. Nxd4 c5 5. Nf3 Nf6 6. Bg5 Be7 7. Bd3 O-O 8.
O-O Nc6 9. c3 Be6 10. Nbd2 a6 11. Rc1 b5 12. Bb1 Ra7 13. Qc2 g6 14. Rcd1 Rd7
15. Rfe1 Nh5 16. Bxe7 Qxe7 17. Nf1 Bg4 18. Re3 Bxf3 19. Rxf3 Ne5 20. Rh3 Rfd8
21. Qd2 Nc4 22. Qh6 Qf8 23. Qg5 Nxb2 24. Re1 Nc4 25. Rxh5 Qg7 26. Rh3 d5 27. e5
d4 28. Qf6 d3 29. Rd1 d2 30. f4 Nb2 31. Bc2 Nxd1 32. Bxd1 Qxf6 33. exf6 Rd3 34.
Kf2 Rxh3 35. gxh3 Rd3 36. Ne3 Rxc3 37. Ke2 Ra3 38. Kxd2 Rxa2+ 39. Bc2 b4 40.
Kd3 a5 41. Kc4 Ra3 42. Nd5 Rxh3 43. Kxc5 b3 44. Bb1 Rxh2 45. Kb5 Ra2 46. Nc3
Rf2 47. Kxa5 Rxf4 48. Nd5 Rf1 49. Be4 b2 50. Nc3 Rxf6 51. Kb4 Rb6+ 52. Ka3 f5
53. Bd5+ Kg7 54. Bb3 h5 55. Ka2 h4 56. Kxb2 h3 57. Ne2 g5 58. Kc3 f4 59. Bd5
Rb1 60. Be4 h2 61. Bxb1 h1=Q 62. Bd3 f3 63. Ng3 Qe1+ 0-1

[Event "13. Bayer Open"]
[Site "Leverkusen"]
[Date "2015.01.26"]
[Round "2.49"]
[White "Skiber, Friedel"]
[Black "Roder, Stephan"]
[Result "1-0"]
[WhiteElo "1552"]
[BlackElo "1369"]
[PlyCount "137"]
[EventDate "2015.??.??"]
[WhiteTeam "SG Solingen"]
[BlackTeam "TSV Bergisch Gladbach"]

1. e4 e6 2. d4 d5 3. Nc3 Bb4 4. Qg4 g6 5. e5 f5 6. exf6 Nxf6 7. Qh4 O-O 8. Nf3
Ne4 9. Qxd8 Bxc3+ 10. bxc3 Rxd8 11. Bb2 Nd7 12. Bd3 Ndf6 13. c4 c6 14. cxd5
exd5 15. Ne5 Re8 16. f3 Nd6 17. Kf2 Bf5 18. a4 Bxd3 19. Nxd3 Nd7 20. Ne5 Nxe5
21. dxe5 Nc4 22. Bd4 b6 23. f4 c5 24. Be3 d4 25. Bc1 Rad8 26. Rd1 Rf8 27. Ke2
Na5 28. Bd2 Nc6 29. g3 c4 30. c3 d3+ 31. Ke3 Rfe8 32. Ra2 Kf7 33. Kf3 h5 34. h3
Ke6 35. Ke4 Rf8 36. g4 hxg4 37. hxg4 Rf7 38. Rf1 Rdf8 39. Be3 Nxe5 40. Rg2 Nc6
41. Rgf2 Re8 42. Kf3 Kd5 43. Bd2 Rfe7 44. f5 gxf5 45. gxf5 Ne5+ 46. Kg2 Rh7 47.
Rg1 Rg8+ 48. Kf1 Rxg1+ 49. Kxg1 Ke4 50. Rf4+ Kd5 51. Kg2 Rg7+ 52. Kh3 Nc6 53.
Rh4 a6 54. f6 Rf7 55. Rh6 b5 56. axb5 axb5 57. Kh4 Ke6 58. Kg5 Ne5 59. Be3 Nf3+
60. Kf4 d2 61. Rh1 Rxf6+ 62. Ke4 Rf5 63. Rd1 Rf7 64. Bxd2 Ne5 65. Be3 Nd3 66.
Bd4 Rh7 67. Rf1 Rh4+ 68. Kf3 Rh3+ 69. Ke2 {Schwarz überschritt die Zeit.} 1-0

[Event "13. Bayer Open"]
[Site "Leverkusen"]
[Date "2015.01.26"]
[Round "2.50"]
[White "Hoferichter, Michael"]
[Black "Becker, Johann"]
[Result "1-0"]
[WhiteElo "1302"]
[BlackElo "1449"]
[PlyCount "69"]
[EventDate "2015.??.??"]
[WhiteTeam "Klub Kölner SF"]
[BlackTeam "TV Witzhelden"]

1. d4 Nf6 2. c4 g6 3. Nc3 d5 4. cxd5 Nxd5 5. e4 Nxc3 6. bxc3 Bg7 7. Bc4 c5 8.
Ne2 O-O 9. Be3 Nc6 10. h4 cxd4 11. cxd4 h5 12. Qd2 a6 13. e5 b5 14. Bd3 Qd5 15.
Nf4 Qd8 16. Be4 Bb7 17. Rg1 Qd7 18. f3 Rfd8 19. Rd1 e6 20. g4 hxg4 21. Rxg4 Ne7
22. h5 Bxe4 23. fxe4 Qe8 24. hxg6 Nxg6 25. Qg2 Rd7 26. Nxg6 fxg6 27. Rxg6 Qe7
28. Ke2 Rc8 29. Bh6 Rc2+ 30. Rd2 Rxd2+ 31. Bxd2 b4 32. Bh6 Qf8 33. Rxe6 Rxd4
34. Re8 Rxe4+ 35. Kd3 1-0

[Event "13. Bayer Open"]
[Site "Leverkusen"]
[Date "2015.01.26"]
[Round "2.52"]
[White "Weirich, Ralf"]
[Black "Jacobi, Bernd"]
[Result "0-1"]
[WhiteElo "1206"]
[BlackElo "1414"]
[PlyCount "123"]
[EventDate "2015.??.??"]
[WhiteTeam "TV Witzhelden"]
[BlackTeam "Langenfelder SF"]

1. e4 e6 2. d4 d5 3. e5 c5 4. c3 Qb6 5. Nf3 Bd7 6. b3 cxd4 7. cxd4 Bb5 8. Bxb5+
Qxb5 9. Nc3 Qa6 10. Qe2 Bb4 11. Bd2 Bxc3 12. Qxa6 Bxd2+ 13. Nxd2 Nxa6 14. O-O
Ne7 15. Rac1 O-O 16. Rc3 Nf5 17. Nf3 Nb4 18. Ra1 Rac8 19. Rxc8 Rxc8 20. g4 Ne7
21. a3 Nd3 22. Kg2 Rc2 23. Rf1 Nc6 24. Ne1 Nxe1+ 25. Rxe1 Nxd4 26. b4 g6 27.
Rd1 Nc6 28. Re1 Rc3 29. b5 Na5 30. Re3 Rc2 31. Rd3 Nc4 32. Rg3 Nxe5 33. h4 Rc4
34. Kh3 Nd7 35. g5 Nb6 36. Rg4 Rc2 37. f4 Nc4 38. Rg3 Ra2 39. Kg4 Nxa3 40. Rh3
Nxb5 41. h5 Ra4 42. h6 Nd6 43. Rc3 Rc4 44. Ra3 a6 45. Rb3 a5 46. Rb6 Rc6 47.
Rb2 a4 48. Rb4 b5 49. Rb1 Kf8 50. Kf3 Rc4 51. Ke3 b4 52. Ra1 b3 53. Kd2 Rxf4
54. Kc3 Rg4 55. Ra3 Ne4+ 56. Kb2 Nxg5 57. Ra1 Rc4 58. Rg1 Ne4 59. Rd1 Nc5 60.
Rd2 Rc2+ 61. Rxc2 bxc2 62. Kxc2 0-1

[Event "13. Bayer Open"]
[Site "Leverkusen"]
[Date "2015.01.26"]
[Round "2.53"]
[White "Rist, Kurt"]
[Black "Johann, Hans Werner"]
[Result "1-0"]
[WhiteElo "1532"]
[BlackElo "1317"]
[PlyCount "87"]
[EventDate "2015.??.??"]
[WhiteTeam "SG Solingen"]
[BlackTeam "TV Witzhelden"]

1. e4 c5 2. b4 cxb4 3. a3 a6 4. axb4 e5 5. b5 a5 6. Nc3 Nf6 7. Bc4 b6 8. Nf3
Bd6 9. d4 exd4 10. Nxd4 Be5 11. Ba3 Qc7 12. Qd3 Bb7 13. Nd5 Nxd5 14. exd5 d6
15. f4 Bxd4 16. Qxd4 O-O 17. O-O Nd7 18. Bd3 Nc5 19. Bf5 Bc8 20. Bb2 f6 21.
Bxc8 Raxc8 22. Rf3 Qd7 23. c4 Rce8 24. Re3 Rxe3 25. Qxe3 Re8 26. Qg3 f5 27. Bd4
Re4 28. Bxc5 dxc5 29. Re1 Qe7 30. Kf1 g6 31. h4 Kf7 32. h5 gxh5 33. Rd1 Qd6 34.
Kg1 Rxc4 35. Qg5 Rxf4 36. Re1 Rg4 37. Qxf5+ Qf6 38. Qd7+ Kg6 39. Re6 Rf4 40.
Qe8+ Kg5 41. Rxf6 Rxf6 42. Qe7 c4 43. d6 c3 44. d7 1-0

[Event "13. Bayer Open"]
[Site "Leverkusen"]
[Date "2015.01.26"]
[Round "2.54"]
[White "Kayser, Manfred"]
[Black "Teuber, Alfons"]
[Result "1-0"]
[WhiteElo "1502"]
[BlackElo "1057"]
[PlyCount "65"]
[EventDate "2015.??.??"]
[WhiteTeam "Königsspringer Leverkusen"]
[BlackTeam "BSW Opladen"]

1. d4 d5 2. c4 dxc4 3. Nc3 Nf6 4. e4 e6 5. Bxc4 Bb4 6. Bg5 h6 7. Bh4 g5 8. Bg3
Nxe4 9. Nge2 Nxg3 10. Nxg3 c6 11. O-O Bd6 12. Nce4 Bxg3 13. Nxg3 b5 14. Be2 Nd7
15. Bh5 Nf6 16. Bf3 Nd5 17. Re1 Bd7 18. Nf5 Kf8 19. Nd6 Qc7 20. Ne4 f5 21. Nc5
Qc8 22. Rc1 g4 23. Bxd5 exd5 24. Re5 h5 25. Qc2 a5 26. Nxd7+ Qxd7 27. Rxf5+ Ke7
28. Re1+ Kd6 29. Qc5+ Kc7 30. Re7 Rhe8 31. Rxd7+ Kxd7 32. Rf7+ Kc8 33. Qxc6+
1-0

[Event "13. Bayer Open"]
[Site "Leverkusen"]
[Date "2015.02.02"]
[Round "3.1"]
[White "Sockel, Karl-Heinz"]
[Black "Rotstein, Jefim"]
[Result "0-1"]
[WhiteElo "1893"]
[BlackElo "2266"]
[PlyCount "32"]
[EventDate "2015.??.??"]
[WhiteTeam "SC Bayer Leverkusen"]
[BlackTeam "SC Tornado Hochneukirch"]

1. d4 e6 2. e3 b6 3. Nf3 Bb7 4. Nbd2 f5 5. Bd3 Nf6 6. O-O Be7 7. Qe2 Ne4 8. Ne1
c5 9. c3 O-O 10. f3 Nxd2 11. Bxd2 Nc6 12. Rd1 cxd4 13. exd4 Bd6 14. f4 Qc7 15.
Bc2 a5 16. Nd3 Nxd4 0-1

[Event "13. Bayer Open"]
[Site "Leverkusen"]
[Date "2015.02.02"]
[Round "3.2"]
[White "Khanukov, Boris"]
[Black "Schulte-Lentz, Christian"]
[Result "0-1"]
[WhiteElo "2200"]
[BlackElo "1995"]
[PlyCount "132"]
[EventDate "2015.??.??"]
[WhiteTeam "Bahn-SC Wuppertal"]
[BlackTeam "Langenfelder SF"]

1. Nf3 Nf6 2. g3 c5 3. c4 Nc6 4. Bg2 e6 5. O-O d5 6. cxd5 exd5 7. d4 Be7 8. Nc3
O-O 9. Bg5 c4 10. Ne5 Be6 11. Rc1 Qa5 12. Qd2 Rfd8 13. Nxc6 bxc6 14. Bf4 Rac8
15. Rfd1 h6 16. Qc2 Re8 17. b3 Ba3 18. Rb1 Bb4 19. Na4 g6 20. e4 dxe4 21. bxc4
e3 22. fxe3 Bf5 23. e4 Nxe4 24. Qb3 Bf8 25. Rbc1 c5 26. dxc5 Bxc5+ 27. Nxc5
Nxc5 28. Qb5 Qxa2 29. Re1 Re2 (29... Rxe1+ $1 30. Rxe1 a6 31. Qb6 Nd3 32. Rf1
Nxf4 $19) 30. Rxe2 Qxe2 31. Rf1 Kh7 32. Qa5 a6 33. Qd2 Qxc4 34. Bd5 Ne4 35.
Bxc4 Nxd2 36. Bxa6 Nxf1 37. Bxc8 Nxg3 38. Ba6 Ne4 39. Kg2 g5 40. Be5 Kg6 41.
Bb7 f6 42. Bc7 Nc5 43. Bf3 Be4 44. Kg3 Bxf3 45. Kxf3 f5 46. Bd6 Ne6 47. Bb8 h5
48. Bd6 h4 49. Ke3 Kh5 50. Kf3 g4+ 51. Ke3 Kg6 52. Be7 Ng5 53. Kf4 Nh3+ 54. Ke3
f4+ 55. Ke2 f3+ 56. Ke3 f2 57. Ke2 Kh5 58. Bd6 Ng5 59. Bc5 g3 60. hxg3 h3 61.
g4+ Kxg4 62. Bd6 Ne4 63. Bh2 Kh4 64. Bb8 h2 65. Bxh2 Kh3 66. Bg3 Kxg3 0-1